[Event "DJEM U16"]
[Site "Oberhof GER"]
[Date "2011.06.12"]
[Round "2.1"]
[White "Moritz,A"]
[Black "Mons,L"]
[Result "0-1"]
[WhiteElo "2094"]
[BlackElo "2258"]

1.e4 g6 2.d4 Bg7 3.Nc3 d6 4.Be3 a6 5.Qd2 b5 6.Bd3 Nd7 7.a4 b4 8.Nce2 c5 9.c3 Bb7
10.cxb4 cxd4 11.Nxd4 Ngf6 12.Ngf3 Nxe4 13.Qe2 O-O 14.O-O Nef6 15.Rfc1 e5
16.Nc6 Bxc6 17.Rxc6 e4 18.Rxd6 exf3 19.Qd2 Qc8 20.Rc1 Qb7 21.Rcc6 Ne5 22.Rb6 Qc8
23.Bf4 Qg4 24.Bg3 Ne4  0-1

[Event "1st Forni Open"]
[Site "Forni di Sopra ITA"]
[Date "2011.06.13"]
[Round "2"]
[White "Stamenkovic,Dr"]
[Black "Rotstein,A"]
[Result "1-0"]
[WhiteElo "2384"]
[BlackElo "2547"]

1.d4 d6 2.e4 g6 3.Nc3 Bg7 4.Be3 a6 5.a4 b6 6.Bc4 Bb7 7.Nge2 Nd7 8.O-O Ngf6
9.f3 O-O 10.Qd2 c6 11.Bh6 Bxh6 12.Qxh6 b5 13.Ba2 c5 14.dxc5 b4 15.Nd1 Nxc5
16.a5 d5 17.exd5 Qxa5 18.Ne3 Qb6 19.Kh1 b3 20.cxb3 a5 21.Nd4 Kh8 22.Nc4 Qa6
23.d6 e6 24.Rad1 Bd5 25.Qf4 Kg7 26.Ne3 Ncd7 27.Qg3 Rab8 28.Rfe1 Nh5 29.Qh4 Ndf6
30.Nxd5 Nxd5 31.b4 Nxb4 32.Bxe6 Nd3 33.Bc4 Nf2+ 34.Kg1 Qxd6 35.Nf5+  1-0

[Event "Teplice Open"]
[Site "Teplice CZE"]
[Date "2011.06.13"]
[Round "3"]
[White "Cenek,M2"]
[Black "Dusbaba,K"]
[Result "0-1"]
[WhiteElo "1903"]
[BlackElo "2089"]

1.e4 d6 2.d4 g6 3.Nc3 Bg7 4.f4 f5 5.Nf3 fxe4 6.Nxe4 Nf6 7.Bd3 O-O 8.O-O Bg4
9.c3 Nxe4 10.Bxe4 d5 11.Qb3 e6 12.Bd3 Bxf3 13.Rxf3 b6 14.Be3 Qd6 15.Re1 c5
16.Bb1 Nc6 17.Qa3 Qc7 18.dxc5 d4 19.cxd4 Nxd4 20.Bxd4 Bxd4+ 21.Kh1 Bxc5 22.Qb3 Rxf4
23.Qxe6+ Kh8 24.Rxf4 Qxf4 25.Qe5+ Qxe5 26.Rxe5 Rd8 27.Re1 Rd2 28.b3 Kg7 29.Rf1 h5
30.g3 g5 31.h3 Rb2 32.g4 h4 33.Bd3 Rxa2 34.Re1 Bd6 35.Re2 Ra3 36.Re6 Bf4
37.Bc4 b5 38.Bxb5 Rxb3 39.Bc4 Rxh3+ 40.Kg2 Rg3+ 41.Kf2 Rxg4 42.Re7+ Kf8 43.Rxa7 Bg3+  0-1

[Event "Voronezh FIDE Open"]
[Site "Voronezh RUS"]
[Date "2011.06.13"]
[Round "2.23"]
[White "Grachev,Andrey"]
[Black "Molodchin,Vladimir"]
[Result "1-0"]
[WhiteElo "1848"]
[BlackElo "2075"]

1.e4 d6 2.d4 g6 3.Nc3 Bg7 4.Bc4 Nf6 5.Nge2 O-O 6.O-O a6 7.a4 Nc6 8.d5 Ne5
9.Bb3 c6 10.Be3 Nfg4 11.Qd2 Nxe3 12.Qxe3 Ng4 13.Qd3 a5 14.h3 Ne5 15.Qg3 Qb6
16.Kh1 Qb4 17.Rab1 Nd7 18.Qd3 Nc5 19.Qc4 Bd7 20.Ra1 Kh8 21.f3 f5 22.Kg1 Rac8
23.Rab1 cxd5 24.Qxb4 axb4 25.Nxd5 Bxa4 26.Nxe7 Rce8 27.Nd5 Bxb3 28.cxb3 fxe4
29.fxe4 Nxe4 30.Rxf8+ Bxf8 31.Nd4 Bg7 32.Nf3 Nc5 33.Nxb4 Nxb3 34.Nd5 h6 35.Nc7 Re2
36.Nb5 Be5 37.Nxe5 dxe5 38.Nd6 b6 39.Nc4 b5 40.Nd6 Nd4 41.Kf1 Rc2 42.Nf7+ Kg7
43.Nxe5 Nf5 44.Ng4 h5 45.Nf2 b4 46.b3 Ng3+ 47.Kg1 Kf6 48.Nd3 Rd2 49.Nxb4 Ne2+
50.Kh1 Nf4 51.Rc1 Rb2 52.Rf1 Kg5 53.h4+ Kxh4 54.Rxf4+ Kg5 55.Rf3 Kg4 56.Rc3 g5
57.Nc2 Kf4 58.Rf3+ Ke4 59.Re3+ Kf4 60.Rf3+ Ke4 61.Rc3 h4 62.Na3 g4 63.Rc4+ Kf5  1-0

[Event "1st Forni Open"]
[Site "Forni di Sopra ITA"]
[Date "2011.06.14"]
[Round "4"]
[White "Calzetta Ruiz,M"]
[Black "Rotstein,A"]
[Result "1/2-1/2"]
[WhiteElo "2308"]
[BlackElo "2547"]

1.e4 d6 2.d4 g6 3.Nc3 Bg7 4.Be3 a6 5.h4 h6 6.Qd2 b5 7.Bd3 Nd7 8.a4 c5 9.dxc5 b4
10.c6 bxc3 11.cxd7+ Bxd7 12.bxc3 Nf6 13.a5 Bc6 14.f3 Qb8 15.Ne2 d5 16.e5 Qxe5
17.Bf4 Qe6 18.O-O Qc8 19.Rfe1 Bb5 20.Rab1 Bxd3 21.cxd3 Nd7 22.d4 h5 23.Bg5 e6
24.Rb3 O-O 25.Bh6 Rb8 26.Bxg7 Kxg7 27.Reb1 Qc7 28.Nf4 Nf6 29.Qe3 Rxb3 30.Rxb3 Rb8
31.Rxb8 Qxb8 32.Nd3 Qb5 33.Nc5 Nd7 34.Qd3 Qxd3 35.Nxd3 Nb8 36.Nb4 Kf6 37.Kf2 Kf5
38.Ke3 f6 39.g3 g5 40.Kf2 Kg6 41.Ke3 gxh4 42.gxh4 Kf7 43.Kd3 Ke7 44.c4 dxc4+
45.Kxc4 Kd6 46.d5 Nd7 47.dxe6 Ne5+ 48.Kc3 Kxe6 49.Nxa6 Kd6 50.Nb4 Nxf3 51.a6 Kc7
52.Nd5+ Kc6 53.Kb4 Nxh4 54.Ka5 Nf5 55.Nb6 Nd6 56.a7 Nc4+ 57.Nxc4 Kb7 58.Kb5 h4
59.Nd2 h3 60.Nf3 Kxa7  1/2-1/2

[Event "Teplice Open"]
[Site "Teplice CZE"]
[Date "2011.06.14"]
[Round "4"]
[White "Svec,L"]
[Black "Valenta,P"]
[Result "0-1"]
[WhiteElo "1769"]
[BlackElo "1930"]

1.e4 d6 2.d4 g6 3.Nc3 Bg7 4.Nf3 Nc6 5.Be3 Nf6 6.Qd2 Ng4 7.Bg5 h6 8.Bh4 g5
9.Bg3 e5 10.d5 Ne7 11.h4 f6 12.Bb5+ Bd7 13.Bxd7+ Qxd7 14.hxg5 fxg5 15.Nxg5 hxg5
16.Rxh8+ Bxh8 17.f3 Nf6 18.Qxg5 O-O-O 19.Qe3 c5 20.dxc6 bxc6 21.Bh4 Ng6 22.Bf2 Nf4
23.O-O-O Nxg2 24.Qxa7 Qxa7 25.Bxa7 Bg7 26.Bf2 Bh6+ 27.Kb1 Be3 28.Bxe3 Nxe3
29.Rd3 Ng2 30.b3 Kc7 31.Ne2 Nh5 32.c3 Rf8 33.Kc1 Nh4 34.Ng1 Nf4 35.Rd2 Rg8  0-1

[Event "Voronezh Master Open"]
[Site "Voronezh RUS"]
[Date "2011.06.14"]
[Round "3.42"]
[White "Bargandzhiya,Zaza"]
[Black "Arkhipov,Vl1"]
[Result "0-1"]
[WhiteElo "2066"]
[BlackElo "2152"]

1.e4 g6 2.d4 Bg7 3.Nc3 d6 4.f4 Nf6 5.Nf3 O-O 6.Be3 b6 7.Qd2 Bb7 8.Bd3 c5
9.dxc5 bxc5 10.O-O-O c4 11.Bxc4 Nxe4 12.Nxe4 Bxe4 13.Bd4 Bxf3 14.Bxg7 Kxg7
15.Qc3+ Kg8 16.Qxf3 Nd7 17.h4 Nf6 18.h5 Kg7 19.f5 g5 20.h6+ Kh8 21.Qe3 g4
22.Rhe1 Rc8 23.Bb3 Rc7 24.Qd4 Qd7 25.Qf2 a5 26.Rd4 Rc5 27.Rf4 Re5 28.Rxe5 dxe5
29.Ra4 Rd8 30.c3 Qd3 31.Bc2 g3 32.Qe1 Qd5 33.Qe2 Qc5 34.Rc4 Qg1+ 35.Bd1 Qh1
36.Rc5 Ne4 37.Rxa5 Nf2 38.Qxe5+ f6 39.Qe2 Qxh6+  0-1

[Event "61st ch-RUS HL w"]
[Site "Taganrog RUS"]
[Date "2011.06.15"]
[Round "1"]
[White "Bukhteeva,V"]
[Black "Savina,A"]
[Result "1-0"]
[WhiteElo "2178"]
[BlackElo "2389"]

1.e4 g6 2.d4 Bg7 3.Nc3 d6 4.f4 Nf6 5.Nf3 O-O 6.Be3 b6 7.h3 Bb7 8.Bd3 c5 9.d5 a6
10.a4 e6 11.dxe6 fxe6 12.Ng5 Qd7 13.Qe2 h6 14.e5 Nh5 15.Nh7 Rxf4 16.Bxg6 Ng3
17.Qd2 Rd4 18.Bxd4 cxd4 19.Qxd4 Bxe5 20.Qg4 Nxh1 21.Ne4 Kh8 22.O-O-O Qxa4
23.Qxe6 Nd7 24.Nxd6 Qf4+ 25.Kb1 Bxd6 26.Qxd7 Be4 27.Bxe4 Nf2 28.Nf6  1-0

[Event "14th Iraklio's Open"]
[Site "Athens GRE"]
[Date "2011.06.16"]
[Round "6"]
[White "Kokolias,K"]
[Black "Nikolakopoulos,N"]
[Result "1/2-1/2"]
[WhiteElo "2202"]
[BlackElo "2004"]

1.e4 g6 2.d4 Bg7 3.Nc3 d6 4.f4 Nf6 5.Nf3 c5 6.dxc5 Qa5 7.Qd4 Nc6 8.Bb5 O-O
9.Bxc6 bxc6 10.cxd6 Nxe4 11.Qxe4 Bxc3+ 12.bxc3 Qxc3+ 13.Kf2 Qxa1 14.dxe7 Re8
15.Qb4 c5 16.Qxc5 Be6 17.Nd4 Rac8 18.Qxa7 Ra8 19.Qc5 Qxa2 20.f5 gxf5 21.Bh6 Rac8
22.Qd6 Rxc2+ 23.Nxc2 Qxc2+ 24.Bd2 Qb2 25.Re1 Rxe7 26.Qd8+ Kg7 27.Re2 Qb7
28.Bc3+ f6 29.Qd6 Kf7 30.Qd2 Qd5 31.Qb2 Rb7 32.Qa1 Qd8 33.h3 Bc4 34.Re1 Qd6
35.Qa8 Re7 36.Rxe7+ Qxe7 37.Qf3 Qe4 38.Qh5+ Kg7 39.Qg5+ Kf7 40.Qxf6+ Ke8
41.Qh8+ Kd7 42.Qxh7+ Kc6 43.Qh6+ Kb5 44.Kg1 f4 45.Qh5+ Bd5 46.Qf3 Qxf3  1/2-1/2

[Event "1st Forni Open"]
[Site "Forni di Sopra ITA"]
[Date "2011.06.16"]
[Round "7"]
[White "Ceschia,I"]
[Black "Gurevich,M"]
[Result "0-1"]
[WhiteElo "2257"]
[BlackElo "2617"]

1.e4 d6 2.d4 g6 3.Nc3 Bg7 4.Be3 a6 5.Qd2 b5 6.a4 b4 7.Nd1 Nf6 8.f3 a5 9.Bd3 O-O
10.Ne2 c6 11.Nf2 Nbd7 12.Bh6 e5 13.Bxg7 Kxg7 14.c3 bxc3 15.bxc3 Ba6 16.Bxa6 Rxa6
17.c4 d5 18.cxd5 cxd5 19.dxe5 Nxe5 20.Rd1 Qb6 21.Qc3 Re8 22.exd5 Qb4 23.O-O Qxa4
24.Ng3 Qb4 25.Qa1 a4 26.Rfe1 Qb8 27.d6 Ra5 28.Nge4 Nxe4 29.Rxe4 f6 30.f4 Nf7
31.Rxe8 Qxe8 32.Qc3 Ra8 33.Re1 Qd8 34.Qa3 Qxd6 35.Qf3 Ra7 36.Qe3 Ra6 37.Ne4 Qe7
38.Nc5 Qxe3+ 39.Rxe3 Ra5 40.Ne6+ Kg8 41.Rc3 Nd6 42.Rc6 a3 43.Rxd6 a2 44.Rd1 Rb5
45.Rd8+ Kf7 46.Ra8 Rb1+ 47.Kf2 Rb2+ 48.Kf3 Kxe6 49.h4 Kd5 50.Ra4 Kc5 51.g4 Kb5
52.Ra8 Kc4 53.f5 gxf5 54.gxf5 h5 55.Ke3 Rh2  0-1

[Event "Teplice Open"]
[Site "Teplice CZE"]
[Date "2011.06.16"]
[Round "6"]
[White "Svec,L"]
[Black "Hozda,D"]
[Result "0-1"]
[WhiteElo "1769"]
[BlackElo "2000"]

1.e4 g6 2.d4 Bg7 3.Nc3 d6 4.Be3 Nf6 5.Nf3 Bg4 6.h3 Bxf3 7.Qxf3 c6 8.a4 O-O
9.Bc4 Nbd7 10.Bb3 e6 11.O-O Qe7 12.Qe2 d5 13.e5 Ne4 14.Nxe4 dxe4 15.a5 f5
16.f4 Nb8 17.Qc4 Kf7 18.Bd2 Na6 19.Ra4 Rfe8 20.Bb4 Nxb4 21.Qxb4 Qxb4 22.Rxb4 Re7
23.a6 b6 24.Ra4 Rd7 25.c3 Bf8 26.Rd1 Rad8 27.Raa1 c5 28.dxc5 Bxc5+ 29.Kf1 Rd2
30.Rxd2 Rxd2 31.Rd1 Be3 32.Rxd2 Bxd2 33.g3 Bc1 34.c4 Bxb2 35.h4 h6 36.Ba4 g5
37.hxg5 hxg5 38.Kg2 Bc1 39.fxg5 Bxg5 40.g4 Ke7 41.Bc6 Bf4 42.gxf5 exf5 43.Kf2 Ke6
44.Bb7 Kxe5 45.Bc8 Bg5 46.Ke2 Be7 47.Bd7 f4 48.Bg4 f3+ 49.Kf1 Kf4 50.Bh5 e3
51.Bg6 e2+  0-1

[Event "Voronezh FIDE Open"]
[Site "Voronezh RUS"]
[Date "2011.06.16"]
[Round "5.7"]
[White "Vetryansky,V"]
[Black "Pavlov,Nikolay"]
[Result "1-0"]
[WhiteElo "2243"]
[BlackElo "2013"]

1.e4 d6 2.d4 g6 3.Nc3 Bg7 4.Be3 c6 5.a4 Nf6 6.h3 O-O 7.Nf3 Qc7 8.Be2 b6 9.O-O Nbd7
10.Qd2 Bb7 11.Bh6 Rad8 12.Bxg7 Kxg7 13.Nh4 e5 14.Rad1 a6 15.f4 exd4 16.Qxd4 Nc5
17.g4 Ne6 18.Qe3 c5 19.g5 Nd7 20.Nd5 Bxd5 21.Rxd5 Qc6 22.Rfd1 Qxa4 23.b3 Qa5
24.Nf3 Nb8 25.f5 Nc7 26.Rxd6 Rxd6 27.Rxd6 Nb5 28.Bxb5 Qxb5 29.Qc3+ Kg8 30.Ne5 Qe2
31.Ng4 Rc8 32.Nh6+  1-0

[Event "4th Karen Asrian Memorial"]
[Site "Jermuk ARM"]
[Date "2011.06.17"]
[Round "2"]
[White "Khachatryan,Rafik"]
[Black "Babujian,L"]
[Result "0-1"]
[WhiteElo "1911"]
[BlackElo "2448"]

1.e4 g6 2.d4 Bg7 3.Nc3 d6 4.g3 h5 5.h3 h4 6.g4 e5 7.Be3 Nc6 8.Bb5 a6 9.Bxc6+ bxc6
10.Nf3 Rb8 11.b3 Qe7 12.dxe5 dxe5 13.g5 Qb4 14.Qd2 Be6 15.O-O-O Ne7 16.Ba7 Ra8
17.Kb2 c5 18.Qd3 O-O 19.Qxa6 Nd5 20.exd5 e4 21.Qc4 Rxa7 22.a4 Qxc4 23.bxc4 Rb8+
24.Kc1 Bxc3 25.dxe6 Rxa4 26.exf7+ Kf8  0-1

[Event "Voronezh FIDE Open"]
[Site "Voronezh RUS"]
[Date "2011.06.17"]
[Round "6.24"]
[White "Krekoten,V"]
[Black "Molodchin,Vladimir"]
[Result "0-1"]
[WhiteElo "1900"]
[BlackElo "2075"]

1.e4 d6 2.d4 g6 3.Nc3 Bg7 4.f4 Nf6 5.Nf3 O-O 6.Bd3 c5 7.d5 e6 8.O-O exd5
9.exd5 a6 10.f5 Ng4 11.a4 Nd7 12.h3 Nge5 13.Be4 Nxf3+ 14.Qxf3 Qh4 15.Bf4 gxf5
16.Bxf5 Ne5 17.Bxe5 Bxe5 18.Bxc8 Raxc8 19.a5 f5 20.Na4 Rc7 21.c3 Rg7 22.Nb6 Kh8
23.Ra4 Qh6 24.g4 Rgf7 25.g5 Qxg5+ 26.Kh1 Bg3 27.Rg1 f4 28.Re4 Qh4 29.Qg4 Qxg4
30.hxg4 Rf6 31.Kg2 Rh6 32.Rh1 f3+  0-1

[Event "Voronezh FIDE Open"]
[Site "Voronezh RUS"]
[Date "2011.06.17"]
[Round "6.9"]
[White "Golovchanov,A"]
[Black "Kondenko,A"]
[Result "0-1"]
[WhiteElo "2073"]
[BlackElo "2242"]

1.e4 g6 2.d4 Bg7 3.Nc3 d6 4.f4 a6 5.Nf3 e6 6.Bd3 Nc6 7.Be3 Nf6 8.h3 b5 9.O-O Ne7
10.a3 Bb7 11.f5 exf5 12.exf5 Qd7 13.Qe1 O-O-O 14.a4 b4 15.Na2 a5 16.c3 Nxf5
17.Bg5 Rde8 18.Qf2 Ne4 19.Bxe4 Rxe4 20.cxb4 Nxd4 21.Nc3 Nxf3+ 22.Qxf3 Bd4+
23.Kh1 Re5 24.Qg3 Rxg5 25.Qxg5 Qxh3+  0-1

[Event "e2e4 Gatwick Open"]
[Site "London ENG"]
[Date "2011.06.18"]
[Round "3"]
[White "Dias,T"]
[Black "Ozanne,M2"]
[Result "0-1"]
[WhiteElo "1789"]
[BlackElo "2020"]

1.e4 g6 2.d4 Bg7 3.Nc3 d6 4.f3 Nf6 5.Be3 O-O 6.Qd2 Nbd7 7.O-O-O c6 8.Bh6 b5
9.h4 Qa5 10.h5 b4 11.Nb1 Nb6 12.Bxg7 Kxg7 13.hxg6 fxg6 14.Qh6+ Kg8 15.f4 Rf7
16.e5 Ng4 17.Qh4 Ne3 18.Bd3 Bf5 19.Nf3 Qxa2 20.Ng5 Nbc4 21.Bxc4 Nxc4 22.Rd2 Qxb2+
23.Kd1 h5 24.Nxf7 Kxf7 25.e6+ Bxe6 26.Ke2 Bg4+ 27.Kf2 Nxd2 28.Re1 Qxd4+ 29.Kg3 Ne4+
30.Kh2 d5 31.Rf1 a5 32.Qe1 a4 33.Qc1 a3 34.f5 Qe5+ 35.Kg1 Bxf5 36.c3 a2 37.Na3 bxa3
38.Qa1 Qxc3 39.Qxa2 Qb2  0-1

[Event "TCh-CZE-SLO w Extraliga"]
[Site "Orlova CZE"]
[Date "2011.06.18"]
[Round "6"]
[White "Miturova,M"]
[Black "Vankova,M"]
[Result "1-0"]
[WhiteElo "2103"]
[BlackElo "1998"]

1.e4 d6 2.d4 g6 3.Nc3 Bg7 4.f4 Nf6 5.Nf3 O-O 6.Bd3 c5 7.dxc5 dxc5 8.e5 Nd5
9.Nxd5 Qxd5 10.Qe2 Qd8 11.Be3 Qa5+ 12.c3 Na6 13.O-O Nc7 14.Nd2 Na6 15.Nb3 Qc7
16.Bxa6 bxa6 17.Nxc5 a5 18.Rad1 h5 19.h3 Bf5 20.Rd2 Rfd8 21.Rfd1 Rxd2 22.Qxd2 Rc8
23.b3 Bf8 24.c4 Kg7 25.Na4 e6 26.Qd7 Bb4 27.Qxc7 Rxc7 28.Bf2 Bc2 29.Rc1 Be4
30.Be1 Bc5+ 31.Nxc5 Rxc5 32.Kf2 a4 33.g3 axb3 34.axb3 a6 35.Ke3 Bb7 36.Bb4 Rc7
37.Bd6 Rc6 38.Be7 Rc8 39.Rd1 Rc7 40.Bf6+ Kh7 41.Rd8 Rc8 42.Rd7 Bg2 43.h4 Kg8
44.Kd4 Kf8 45.Ra7 Ra8 46.Rxa8+ Bxa8 47.Kc5 Ke8 48.Kd6 Be4 49.b4 Bd3 50.c5 Bb5
51.Kc7 Ba4 52.c6 Bb5 53.Kb7 a5 54.bxa5  1-0

[Event "Voronezh Master Open"]
[Site "Voronezh RUS"]
[Date "2011.06.18"]
[Round "6.39"]
[White "Sakhvadze,G"]
[Black "Rjabzev,K"]
[Result "1/2-1/2"]
[WhiteElo "2070"]
[BlackElo "2290"]

1.e4 d6 2.d4 g6 3.Nc3 Bg7 4.Be3 c6 5.Qd2 b5 6.a3 Bb7 7.h4 Nd7 8.h5 a5 9.hxg6 hxg6
10.Rxh8 Bxh8 11.d5 b4 12.axb4 axb4 13.Rxa8 Qxa8 14.Nd1 c5 15.Nh3 Ba6 16.f3 Nb6
17.b3 Bxf1 18.Kxf1 Qa1 19.Kf2 Nf6 20.Ng5 Nfd7 21.Qd3 Bf6 22.Nh7 Bg7 23.Ng5 Nc8
24.Ke2 Na7 25.f4 Qa5 26.Nf3 Nb5 27.g4 Nf6 28.g5 Nh5 29.Kf2 Nc7 30.e5 Qa8
31.c4 Qa2+ 32.Kg1 Ng3 33.Bd2 Nf5 34.Ne3 Nxe3 35.Qxe3 Qb1+ 36.Kf2 Kd7 37.exd6 exd6
38.Kg3 Qc2 39.Ne1 Qb1 40.Qd3  1/2-1/2

[Event "3rd Gaudeamus Cup"]
[Site "Bucharest ROU"]
[Date "2011.06.19"]
[Round "5"]
[White "Nuta,D"]
[Black "Spirea,Mihai"]
[Result "1-0"]
[WhiteElo "2089"]
[BlackElo "1890"]

1.e4 g6 2.d4 Bg7 3.Nc3 d6 4.g3 Nf6 5.Bg2 O-O 6.Nge2 c6 7.a4 Na6 8.h3 e5 9.O-O Ne8
10.dxe5 Bxe5 11.Bh6 Bg7 12.Bxg7 Nxg7 13.Qd2 Qf6 14.Rad1 Rd8 15.Rfe1 Be6 16.Nf4 Nc7
17.b3 Rd7 18.Re3 g5 19.Nd3 Qh6 20.g4 Qg6 21.Ne2 h5 22.f4 hxg4 23.f5 Bxf5
24.exf5 Nxf5 25.Be4 Nd5 26.Bxf5 Qxf5 27.hxg4 Qg6 28.Rh3 f6 29.c4 Nc7 30.Nd4 Re8
31.Nf5 Re4 32.Nf2 Rf4 33.Qd3 Rxf5 34.Qxf5 Qxf5 35.gxf5 d5 36.Ng4 Ne8 37.Re1 Kf7
38.Rxe8  1-0

[Event "Teplice Open"]
[Site "Teplice CZE"]
[Date "2011.06.19"]
[Round "9"]
[White "Stranska,Kamila"]
[Black "Horyna,J"]
[Result "1/2-1/2"]
[WhiteElo "1539"]
[BlackElo "1886"]

1.e4 g6 2.d4 Bg7 3.Nc3 d6 4.Nf3 Nf6 5.Be3 c6 6.Qd2 O-O 7.h3 Qa5 8.Bd3 Nbd7
9.Bh6 e5 10.Bxg7 Kxg7 11.dxe5 Nxe5 12.Qe3 Nxf3+ 13.Qxf3 Re8 14.O-O Be6 15.Qg3 Rad8
16.Rfe1 Qe5 17.Qxe5 dxe5 18.Rad1 Rd7 19.a3 Red8 20.Be2 Rd4 21.f3 Nh5 22.Bd3 Nf4
23.Ne2 Nxe2+ 24.Bxe2 a5 25.c3 Rxd1 26.Rxd1 Rxd1+ 27.Bxd1 c5 28.b3 g5 29.g4 Kf6
30.c4 a4 31.Kf2 Ke7 32.Ke3 axb3 33.Bxb3 Kd6 34.Kd3 Bd7 35.Kc3 Kc7 36.a4 Kb6
37.Kb2 Ka5 38.Ka3 f6 39.Bc2 Be8 40.Bd1 h5 41.Bc2 h4 42.Bd1 Bf7 43.Be2 Be6
44.Bd3 Bd7 45.Bc2 b6 46.Bd1 Ka6 47.Bc2 Kb7 48.Kb2 Kc7 49.Kc3 Kd6 50.Kd3 Bc6
51.Bd1 Bb7 52.Kd2 Bc6 53.Kd3  1/2-1/2

[Event "Voronezh FIDE Open"]
[Site "Voronezh RUS"]
[Date "2011.06.19"]
[Round "8.3"]
[White "Kurnakov,M"]
[Black "Kondenko,A"]
[Result "1/2-1/2"]
[WhiteElo "1896"]
[BlackElo "2242"]

1.e4 d6 2.d4 g6 3.Nc3 Bg7 4.f4 a6 5.Nf3 e6 6.Be2 b5 7.a3 Ne7 8.O-O Nd7 9.g4 f5
10.gxf5 exf5 11.e5 Nb6 12.Bd2 O-O 13.Qe1 Bb7 14.Rd1 Qd7 15.Qg3 Rae8 16.Qh3 h6
17.Qg3 Qe6 18.Kf2 Nc4 19.Bc1 dxe5 20.dxe5 Qb6+ 21.Ke1 Ne3 22.Bxe3 Qxe3 23.Nd4 Qxg3+
24.hxg3 Nc8 25.Bf3 Bxf3 26.Rxf3 Nb6 27.b3 Rf7 28.Nc6 Bf8 29.b4 g5 30.Nd5 Nc4
31.Kf2 Bg7 32.e6 Rxe6 33.Nd8 g4 34.Nxe6 gxf3 35.Nexc7 Nxa3 36.Nxa6 Nxc2 37.Kxf3 Ra7
38.Ndc7 Nxb4  1/2-1/2

[Event "49th National Challengers ch-IND"]
[Site "Aurangabad IND"]
[Date "2011.06.20"]
[Round "7"]
[White "Saptarshi,R"]
[Black "Deshmukh,A"]
[Result "1-0"]
[WhiteElo "2377"]
[BlackElo "2283"]

1.e4 d6 2.d4 g6 3.Nc3 Bg7 4.Nge2 c6 5.a4 Nf6 6.g3 O-O 7.Bg2 e5 8.O-O Na6
9.h3 Re8 10.Be3 Be6 11.b3 Qc7 12.f4 exd4 13.Bxd4 Rad8 14.Qc1 c5 15.Bxf6 Bxf6
16.f5 Be5 17.fxe6 fxe6 18.Nb5 Qb6 19.Rb1 c4+ 20.Kh2 cxb3 21.cxb3 Nc5 22.Qh6 Rf8
23.Rxf8+ Rxf8 24.Qe3 a6 25.Nbd4 Nxa4 26.Rd1 Nc5 27.Nxe6 Qxb3 28.Qxb3 Nxb3
29.Nxf8 Kxf8 30.Nc1 Nc5 31.Nd3 Nxd3 32.Rxd3 b6 33.Bf1 a5 34.Rf3+ Ke7 35.Bc4 Bf6
36.Bb5 Be5 37.Kg2 h6 38.Kf2 Ke6 39.Rf8 Ke7 40.Re8+ Kf7 41.Kf3 Kf6 42.Bc4 Kg7
43.Re7+ Kf8 44.Rf7+ Ke8 45.Rb7 Bd4 46.Bb5+ Kf8 47.Kg4  1-0

[Event "64th ch-RUS HL"]
[Site "Taganrog RUS"]
[Date "2011.06.20"]
[Round "6"]
[White "Sitnikov,D"]
[Black "Kobalia,M"]
[Result "1/2-1/2"]
[WhiteElo "2463"]
[BlackElo "2679"]

1.e4 g6 2.d4 Bg7 3.Nc3 d6 4.Nge2 Nf6 5.g3 O-O 6.Bg2 Na6 7.O-O c5 8.h3 cxd4
9.Nxd4 Nc5 10.Nb3 Ncd7 11.Be3 Nb6 12.Qe2 Be6 13.Na5 Na4 14.Nxa4 Qxa5 15.Nc3 Qb4
16.Rfb1 Rfc8 17.Nd5 Bxd5 18.exd5 Qc4 19.Qxc4 Rxc4 20.c3 b5 21.Re1 a5 22.Bd4 Rc7
23.a4 Rb8 24.axb5 Rxb5 25.b4 Nxd5 26.Rxa5 Nxc3 27.Ra8+ Bf8 28.Bxc3 Rxc3 29.Rxe7 Re5
30.Rxe5 Rc1+ 31.Kh2 dxe5 32.Bd5 Rb1 33.Ra7 Rxb4 34.Rxf7 Rd4 35.Bb3 Rb4 36.Bd5 Rd4
37.Rd7+ Kh8 38.Be6  1/2-1/2

[Event "Voronezh Master Open"]
[Site "Voronezh RUS"]
[Date "2011.06.21"]
[Round "9.34"]
[White "Khalukov,Y"]
[Black "Arkhipov,Vl1"]
[Result "1/2-1/2"]
[WhiteElo "2223"]
[BlackElo "2152"]

1.e4 g6 2.d4 Bg7 3.Nc3 d6 4.f4 Nf6 5.Nf3 O-O 6.Be3 Nbd7 7.Qd2 c5 8.O-O-O cxd4
9.Bxd4 a6 10.Kb1 b5 11.e5 Ne8 12.exd6 Nxd6 13.Bxg7 Kxg7 14.Nd5 Bb7 15.Qd4+ Kg8
16.Nxe7+ Qxe7 17.Qxd6 Qxd6 18.Rxd6 Bxf3 19.gxf3 Nc5 20.c4 b4 21.Rd5 Rac8
22.Bh3 f5 23.Re1 Kf7 24.Bf1 Rfe8 25.Rxe8 Kxe8 26.Kc2 Ke7 27.Kd2 Rc6 28.Ke3 Na4
29.Rd2 Re6+ 30.Kf2 Rd6 31.Bd3 Nc5 32.Ke3 Ke6 33.Bc2 Rxd2 34.Kxd2 Kd6 35.Ke3 a5
36.Bd1 Kc6 37.Kd4 Kd6 38.Ke3 Ke6 39.Kd4 Kd6 40.Ke3 Ke6 41.Kd4 Kd6  1/2-1/2

[Event "Baltija Cup Open A"]
[Site "Palanga LTU"]
[Date "2011.06.22"]
[Round "7.23"]
[White "Smilga,K"]
[Black "Zukauskas,A"]
[Result "1-0"]
[WhiteElo "2150"]
[BlackElo "1823"]

1.e4 g6 2.d4 d6 3.Nc3 Bg7 4.f4 Nc6 5.Be3 a6 6.Nf3 Bg4 7.Be2 e5 8.dxe5 dxe5
9.O-O Nge7 10.Nd5 O-O 11.h3 Bxf3 12.Bxf3 Nd4 13.c3 Nxf3+ 14.Qxf3 c6 15.Nb6 f5
16.Rad1 Qe8 17.Nxa8 Qxa8 18.Bc5 Rf7 19.Bxe7 Rxe7 20.exf5 e4 21.Qg4 e3 22.Rfe1 Qe8
23.fxg6 hxg6 24.Rd3 Bf8 25.Qf3 Re4 26.b4 e2 27.Rd2 Re3 28.Rdxe2 Rxf3 29.Rxe8 Rxc3
30.R1e7 b5 31.Ra7 Ra3 32.Raa8  1-0

[Event "25th Open Pula"]
[Site "Pula CRO"]
[Date "2011.06.22"]
[Round "6.7"]
[White "Popovic,Du"]
[Black "Aguera Naredo,J"]
[Result "1/2-1/2"]
[WhiteElo "2553"]
[BlackElo "2353"]

1.e4 g6 2.d4 Bg7 3.Nc3 d6 4.Nf3 a6 5.Be3 b5 6.Bd3 Bb7 7.a4 b4 8.Ne2 Nd7 9.c3 Ngf6
10.Ng3 bxc3 11.bxc3 c5 12.O-O O-O 13.h3 Qa5 14.Bd2 c4 15.Bc2 Rab8 16.Qe2 Rfc8
17.Rfb1 e5 18.d5 Qd8 19.a5 Rc5 20.Be3 Rb5 21.Nd2 Bxd5 22.Rxb5 axb5 23.exd5 Nxd5
24.Ra3 Nxe3 25.Qxe3 d5 26.Nf3 Qf6 27.a6 Ra8 28.Ra5 d4 29.Qe4 Rxa6 30.Rxb5 d3
31.Bb1 Qc6 32.Qxc6 Rxc6 33.Rd5 Rc7 34.Ba2 Bh6 35.Bxc4 e4 36.Nxe4 Rxc4 37.Ned2 Rc7
38.Rxd3 Bg7 39.c4 Kf8 40.Rb3 Ke7 41.Kf1 f5 42.Ke2 Kd6 43.Rd3+ Ke7 44.Re3+ Kd6
45.Re8 Bf6 46.g4 Nc5 47.gxf5 gxf5 48.Nf1 Ne6 49.Ne3 Nf4+ 50.Kf1 Rc5 51.h4 h6
52.Ra8 Ke6 53.Ra7 Ng6 54.Ke2 f4 55.Ra6+ Kf7 56.Ng4 Bxh4 57.Nxh4 Nxh4 58.Rxh6 Ng6
59.Kd3 Rg5 60.f3 Ne5+ 61.Nxe5+ Rxe5 62.Kd4 Re3 63.c5 Rxf3 64.c6 Ke7 65.Kc5 Rc3+
66.Kb6 f3 67.Rh2 Kd6 68.Rd2+ Ke5 69.c7 Ke4 70.Ra2 Rxc7  1/2-1/2

[Event "35th ch-Gleisdorf"]
[Site "Gleisdorf AUT"]
[Date "2011.06.23"]
[Round "1"]
[White "Nickl,K"]
[Black "Grossberger,Udo"]
[Result "0-1"]
[WhiteElo "2149"]
[BlackElo "1807"]

1.d4 g6 2.e4 d6 3.Nc3 Bg7 4.Be3 Nf6 5.Be2 O-O 6.g4 b6 7.g5 Nfd7 8.f4 c5 9.Nf3 Nc6
10.Qd2 cxd4 11.Nxd4 Bb7 12.h4 Nc5 13.Bf3 Nxd4 14.Bxd4 e5 15.fxe5 dxe5 16.Bxc5 Qxd2+
17.Kxd2 bxc5 18.h5 Rad8+ 19.Ke3 f5 20.hxg6 hxg6 21.Rad1 Rd4 22.Nb5 fxe4 23.Bg4 Rf4
24.c3 Rxg4 25.cxd4 exd4+ 26.Ke2 d3+ 27.Kf2 e3+  0-1

[Event "25th Open Pula"]
[Site "Pula CRO"]
[Date "2011.06.23"]
[Round "7.15"]
[White "Skytte,R"]
[Black "Perhinig,R"]
[Result "1/2-1/2"]
[WhiteElo "2399"]
[BlackElo "2240"]

1.e4 g6 2.d4 d6 3.Nc3 Bg7 4.Be3 a6 5.Qd2 b5 6.h4 h5 7.f3 Bb7 8.Nh3 Nd7 9.Ng5 e6
10.Be2 d5 11.O-O-O Nb6 12.g4 Nf6 13.e5 Nfd7 14.gxh5 gxh5 15.Nh3 b4 16.Nb1 Nc4
17.Bxc4 dxc4 18.Qxb4 Bxf3 19.Bg5 Bh6 20.Bxh6 Rxh6 21.Rhg1 Bg4 22.Nf2 Qxh4
23.Nxg4 hxg4 24.Qxc4 Qg5+ 25.Nd2 Rh2 26.Qd3 O-O-O 27.Kb1 Nc5 28.Qc3 Qf4 29.Nc4 Ne4
30.Qa3 Nd2+ 31.Rxd2 Rxd2 32.Qxa6+ Kd7 33.Qb5+ Kc8 34.Qa6+ Kd7 35.Nxd2 Qxd2
36.Qf1 Qxd4 37.Qxf7+ Kc8 38.Qxe6+ Kb8 39.Qb3+ Kc8 40.Qe6+ Kb8 41.Qb3+ Kc8
42.Qe6+  1/2-1/2

[Event "HSG Open"]
[Site "Hilversum NED"]
[Date "2011.06.24"]
[Round "2"]
[White "Dgebuadze,A"]
[Black "Nagtegaal,K"]
[Result "1-0"]
[WhiteElo "2521"]
[BlackElo "2204"]

1.e4 g6 2.d4 Bg7 3.Nc3 d6 4.Be3 a6 5.a4 b6 6.Nf3 Bb7 7.Bd3 e6 8.Qd2 h6 9.h3 Ne7
10.Ne2 Nd7 11.c3 Nf6 12.Ng3 d5 13.e5 Ne4 14.Qc2 Nxg3 15.fxg3 Nf5 16.Bf2 h5
17.Qe2 Bf8 18.a5 c5 19.axb6 c4 20.Bc2 Be7 21.O-O Qxb6 22.Rfb1 Kf8 23.g4 hxg4
24.hxg4 Ng7 25.Be3 Bc6 26.Bg5 Bxg5 27.Nxg5 Qd8 28.Qe3 Kg8 29.Rf1 Be8 30.Rf6 Qe7
31.Raf1 Rb8 32.Qf3 Rxb2 33.Bxg6 a5 34.Nxf7 Qd8  1-0

[Event "4th Sveins Memorial"]
[Site "Oslo NOR"]
[Date "2011.06.24"]
[Round "7"]
[White "Greeuw,S"]
[Black "Hoi,C"]
[Result "0-1"]
[WhiteElo "1981"]
[BlackElo "2408"]

1.e4 d6 2.d4 g6 3.Nc3 Bg7 4.Bc4 Nc6 5.Be3 e5 6.dxe5 Nxe5 7.Bb3 Nf6 8.f3 Be6
9.Qe2 O-O 10.O-O-O Qe7 11.Bg5 h6 12.Bh4 g5 13.Bf2 Ng6 14.g3 c6 15.Qd2 Bxb3
16.axb3 Rfd8 17.Nge2 d5 18.exd5 Nxd5 19.Nd4 Nxc3 20.Qxc3 Rd5 21.Rhe1 Qd7
22.Qe3 Rd8  0-1

[Event "25th Open Pula"]
[Site "Pula CRO"]
[Date "2011.06.25"]
[Round "9.12"]
[White "Mencinger,V"]
[Black "Perhinig,R"]
[Result "1-0"]
[WhiteElo "2399"]
[BlackElo "2240"]

1.e4 g6 2.d4 d6 3.Nc3 Bg7 4.Be3 a6 5.f4 b5 6.Bd3 Bb7 7.Nf3 Nd7 8.e5 e6 9.O-O Ne7
10.Ne4 Nb6 11.Qe1 h5 12.b3 Bxe4 13.Bxe4 d5 14.Bd3 Nf5 15.Bf2 Bf8 16.h3 Be7
17.g3 Kf8 18.Kg2 Kg7 19.Rh1 Nh6 20.Qd2 Nd7 21.a4 b4 22.c4 dxc4 23.bxc4 a5
24.Be4 Rb8 25.c5 Rc8 26.Bc6 Rb8 27.Qe2 Qc8 28.Nd2 Ra8 29.g4 hxg4 30.hxg4 Ra7
31.Rh3 Nb8 32.Be4 Ng8 33.Rxh8 Kxh8 34.Qd3 Kg7 35.f5 Qa6 36.f6+ Bxf6 37.exf6+ Nxf6
38.Qxa6 Rxa6 39.g5 Nd5 40.Bg3 Nc6 41.Bxd5 exd5 42.Bxc7 f6 43.gxf6+ Kxf6 44.Rf1+ Ke6
45.Be5 Ra8 46.Rf6+ Kd7 47.Rd6+  1-0